| 000 | 00659nam a2200253Ia 4500 | ||
|---|---|---|---|
| 008 | 160803s9999 xx 000 0 und d | ||
| 020 | _a9780590462242 | ||
| 100 | _aPeterson, John Lawrence | ||
| 245 | 4 | _aThe Littles have a wedding / | |
| 245 | _cby John Peterson ; pictures by Roberta Carter Clark. | ||
| 260 | _aNew York : | ||
| 260 | _bScholastic Inc. | ||
| 260 | _c1971 | ||
| 300 | _a95 pages : | ||
| 300 | _billustrations ; | ||
| 300 | _c20 cm. | ||
| 440 | _aThe Littles. | ||
| 650 | _aFamilies -- | ||
| 650 | _aFantasy. | ||
| 650 | _aWeddings -- | ||
| 650 | _xJuvenile fiction. | ||
| 650 | _xJuvenile fiction. | ||
| 700 | _a480 | ||
| 999 |
_c299587 _d299587 |
||